Xeq mat: exercícios de avaliação

Saved in:
Bibliographic Details
Main Author: Gomes, Francelino
Other Authors: Lima, Iolanda
Format: Unknown
Language:Portuguese
Published: Lisboa O Livro D.L. 1996
Textbook Catalogue:MANES:  Library Catalog Search Result
Textbook Classification:
Tags: Add Tag
No Tags, Be the first to tag this record!
Added to:2016-04-26
Changed in:2025-04-25

MARC

LEADER 000000000a22000000004500
001 28171
003 OSt
005 20250425111448.0
008 160427s pt ||||| |||| 00| 0 por d
040 |c centro_manes 
041 1 |a por 
100 1 |a Gomes, Francelino  |9 15430 
245 0 0 |a Xeq mat: exercícios de avaliação 
260 3 |a Lisboa  |b O Livro  |c D.L. 1996 
300 |a 32 p.;  |c 26 cm 
561 |5 pt-BNP  |a Portugal. Biblioteca Nacional de Portugal  |k MANES 
690 0 |a MATE 
691 |a SE 
700 1 |a Lima, Iolanda  |9 15566 
942 |2 ddc  |c BK 
546 |a Portugal 
999 |c 29633  |d 29633 
999 |c manes:29633  |d 29633